Aulton's Pharmaceutics : (Record no. 16770)
[ view plain ]
| 000 -LEADER | |
|---|---|
| fixed length control field | 00838aam a2200265 a 4500 |
| 001 - CONTROL NUMBER | |
| control field | 013677961 |
| 003 - CONTROL NUMBER IDENTIFIER | |
| control field | Uk |
| 005 - DATE AND TIME OF LATEST TRANSACTION | |
| control field | 20130925160051.0 |
| 008 - FIXED-LENGTH DATA ELEMENTS--GENERAL INFORMATION | |
| fixed length control field | 060710s2007 stka b 001 0 eng |
| 020 ## - INTERNATIONAL STANDARD BOOK NUMBER | |
| International Standard Book Number | 0443101086 |
| 020 ## - INTERNATIONAL STANDARD BOOK NUMBER | |
| International Standard Book Number | 9780443101083 |
| 082 04 - DEWEY DECIMAL CLASSIFICATION NUMBER | |
| Classification number | 615.19 |
| Edition number | 22 |
| Item number | AUL |
| 245 00 - TITLE STATEMENT | |
| Title | Aulton's Pharmaceutics : |
| Remainder of title | the Design and Manufacture of Medicines / |
| Statement of responsibility, etc | edited by Michael E. Aulton. |
| 250 ## - EDITION STATEMENT | |
| Edition statement | 3rd ed. |
| 260 ## - PUBLICATION, DISTRIBUTION, ETC. (IMPRINT) | |
| Place of publication, distribution, etc | Edinburgh : |
| Name of publisher, distributor, etc | Churchill Livingstone, |
| Date of publication, distribution, etc | 2007. |
| 300 ## - PHYSICAL DESCRIPTION | |
| Extent | x, 717 p. : |
| Other physical details | ill. ; |
| Dimensions | 25 cm. |
| 500 ## - GENERAL NOTE | |
| General note | Previous ed.: 2002. |
| 504 ## - BIBLIOGRAPHY, ETC. NOTE | |
| Bibliography, etc | Includes bibliographical references and index. |
| 541 ## - IMMEDIATE SOURCE OF ACQUISITION NOTE | |
| Source of acquisition | Donation from Baccah |
| 650 #0 - SUBJECT ADDED ENTRY--TOPICAL TERM | |
| Topical term or geographic name as entry element | Drugs |
| General subdivision | Dosage forms. |
| 9 (RLIN) | 30135 |
| 650 #0 - SUBJECT ADDED ENTRY--TOPICAL TERM | |
| Topical term or geographic name as entry element | Drugs |
| General subdivision | Design. |
| 9 (RLIN) | 30136 |
| 653 ## - INDEX TERM--UNCONTROLLED | |
| Resource For college | |
| Arrived date list | June2012 |
| -- | September2013 |
| 700 1# - ADDED ENTRY--PERSONAL NAME | |
| Personal name | Aulton, Michael E. |
| 9 (RLIN) | 30137 |
| 942 ## - ADDED ENTRY ELEMENTS (KOHA) | |
| Source of classification or shelving scheme | Dewey Decimal Classification |
| Item type | Book - Borrowing |
| Withdrawn status | Item status | Source of classification or shelving scheme | Damaged status | Not for loan | Vendor | Home library | Current library | Shelving location | Date acquired | Source of acquisition | Cost, normal purchase price | Serial Enumeration / chronology | Total Checkouts | Total Renewals | Full call number | Barcode | Date last seen | Date last borrowed | Koha item type | Checked out | Materials specified (bound volume or other part) |
|---|---|---|---|---|---|---|---|---|---|---|---|---|---|---|---|---|---|---|---|---|---|
| Dewey Decimal Classification | Donation-Gift | Central Library | Central Library | First floor | 18/06/2012 | Donation | 160.00 | 15306 | 6 | 1 | 615.19 AUL | 000026835 | 26/11/2025 | 27/09/2023 | Book - Borrowing | ||||||
| Dewey Decimal Classification | Donation-Gift | Central Library | Central Library | First floor | 18/06/2012 | Donation | 160.00 | 15306 | 3 | 2 | 615.19 AUL | 000026834 | 19/07/2017 | 19/07/2017 | Book - Borrowing | 10/10/2017 | |||||
| Dewey Decimal Classification | Baccah | Central Library | Central Library | First floor | 25/09/2013 | 615.19 AUL | 000028983 | 15/07/2025 | NB - Book (Non borrowing) | ||||||||||||
| Dewey Decimal Classification | Baccah | Central Library | Central Library | First floor | 25/09/2013 | 1 | 3 | 615.19 AUL | 000028984 | 12/02/2014 | 12/02/2014 | Book - Borrowing | 22/09/2019 | ||||||||
| Dewey Decimal Classification | Baccah | Central Library | Central Library | First floor | 25/09/2013 | 3 | 13 | 615.19 AUL | 000028985 | 15/07/2025 | 04/11/2018 | Book - Borrowing | |||||||||
| Dewey Decimal Classification | Baccah | Central Library | Central Library | First floor | 25/09/2013 | 7 | 26 | 615.19 AUL | 000028986 | 15/07/2025 | 12/10/2019 | Book - Borrowing | |||||||||
| Lost | Dewey Decimal Classification | Baccah | Central Library | Central Library | First floor | 25/09/2013 | 615.19 AUL | 000028987 | 25/09/2013 | Book - Borrowing | Lost In Inventory_2015-8-23 | ||||||||||
| Dewey Decimal Classification | Baccah | Central Library | Central Library | First floor | 25/09/2013 | 4 | 23 | 615.19 AUL | 000028988 | 15/07/2025 | 25/10/2016 | Book - Borrowing | |||||||||
| Dewey Decimal Classification | Baccah | Central Library | Central Library | First floor | 25/09/2013 | 3 | 3 | 615.19 AUL | 000028989 | 15/07/2025 | 15/11/2016 | Book - Borrowing | |||||||||
| Dewey Decimal Classification | Baccah | Central Library | Central Library | First floor | 25/09/2013 | 6 | 9 | 615.19 AUL | 000028990 | 28/09/2025 | 28/09/2025 | Book - Borrowing | 02/03/2026 | ||||||||
| Dewey Decimal Classification | Baccah | Central Library | Central Library | First floor | 25/09/2013 | 5 | 22 | 615.19 AUL | 000028991 | 26/11/2025 | 05/11/2018 | Book - Borrowing |